Reverse Alphabet: Entertainment Quiz Stats

 Plays Quiz Updated Mar 16, 2020

Support Sporcle.
Go Orange.
Score 0/26 Timer 06:00
1 Play Today
Question Answer Wrong Answers
*S*
Click the missing word in this Broadway musical:
Jesus Christ ______
Superstar
92.2%
Superstore
0.9%
Supervisor
0.7%
Supersize
0.7%
*X*
Click the correct spelling of
Olivia Newton-John's 1980 movie-musical
Xanadu
90%
Xannadu
4.3%
Xanadoo
2.4%
Xanaddu
2.2%
*P*
Click the only character
not from Disney
Pikachu
89.3%
Pinocchio
0.5%
Peter Pan
0.6%
Perdita
3.2%
*A*
Click the first name of Golden Globe winning actress
_____ Lansbury
Angela
87.3%
Alberta
1.3%
Annabella
2.1%
Angostura
0.6%
*F*
Click the only answer which is
not a musical
Futurama
86.2%
Fun Home
4.1%
Fame
0.6%
Fiddler on the Roof
0.9%
*M*
Click the only character
not from a musical
Monica Geller
85.7%
Munkustrap
3.3%
Mary Sunshine
2%
Marius Pontmercy
1.8%
*C*
Click the missing word in this quote from Albert Einstein:
'I have no special talent. I am only passionately _______.'
Curious
85.3%
Cautious
2.4%
Childish
3.2%
Churlish
0.6%
*H*
Click the missing word from Dik Browne's comic strip:
Hägar the _____
Horrible
81.7%
Horrendous
5.8%
Holistic
1.3%
Hungry
3.3%
*R*
Click the actor who said:
'You're only given a little spark of madness. You mustn't lose it.'
Robin Williams
81.2%
Robert Downey, Jr.
10%
Rebel Wilson
1.8%
Raven-Symoné
0.9%
*K*
Click the correct spelling for the surname
of 'celebrities' Kim, Khloe, & Kourtney
Kardashian
79.9%
Kardassian
1.3%
Khardashian
11.3%
Kardation
0.2%
*Z*
Click the supervillain adversary of Superman:
General ____
Zod
79.1%
Zurg
15.7%
Zigzag
1.4%
Zappa
3.3%
*T*
Click the character who is
not animated
Ted Mosby
76.8%
Tom Tucker
5.1%
Token Black
3.5%
Todd Chavez
9.3%
*V*
Click the movie which earned Julie Andrews
the 1982 Golden Globe for Best Actress
Victor/Victoria
76.2%
Valley Girl
13.5%
Vibes
1.5%
Vice Versa
4.7%
*G*
Click the name of the main protagonist
of the Dragon Ball manga series
Goku
71.4%
Godzilla
4.6%
Geisha
3.2%
Gyoza
12.6%
*Y*
Click the eldest of the Warner siblings
from the animated series Animaniacs
Yakko
69.8%
Yoko
9.9%
Yuri
15.9%
Yikes
3.3%
*D*
Click the comic book character
whose birth name is Wade Wilson
Deadpool
67.1%
Dreadnought
2.4%
Daredevil
16%
Doctor Strange
6%
*B*
Click the character from the musical
CATS by Andrew Lloyd Webber
Bombalurina
64.2%
Billy Flynn
11.2%
Beast
7.7%
Boq
8%
*Q*
Click the cartoon character
who is a horse
Quickdraw McGraw
62.5%
Quackerjack
22.8%
Quagmire
5.5%
Quentin Tarantulino
2.9%
*U*
Click the character who was
not featured in Marvel comics
Umbridge
60.3%
Ultron
3.4%
Ultragirl
9.9%
Union Jack
21.8%
*E*
Click the celebrity
who is the youngest
Eminem
56.9%
Elon Musk
29.9%
Ellen DeGeneres
1.5%
Elizabeth Taylor
3.5%
*L*
Click the celebrity
born in the 1980s
Lady Gaga
55.1%
Lorde
13%
Liza Minnelli
2.6%
Liv Tyler
22.1%
*O*
Click the 2012 'Best Musical'
Tony Award winner
Once
53%
Out
23.2%
Operation!
12%
Orangina
4.8%
*N*
Click the US television network
which was launched on December 1, 1977
Nickelodeon
52.1%
NBC
25.8%
NFL
2.7%
National Geographic
12.4%
*J*
Click the celebrity
who is the oldest
Judge Judy
51%
Jennifer Lopez
1%
Jerry Seinfeld
4.6%
Jerry Springer
35.8%
*I*
Click the only character
not from DC Comics
Isthmus
16.2%
Ice Cream Soldier
40.1%
Impala
16.3%
Iron Butterfly
19.5%
*W*
Click the William who said:
'The good life is one that's artistically made.'
William Shatner
15.7%
William Shakespeare
45%
William Wordsworth
35.5%
William the Conqueror
1.3%

From the Vault

Click-A-Cruise

by g_norm

Movies 5m
Tom Cruise is always on the run.
Remove Ads.
Support Sporcle.
Get the best of Sporcle when you Go Orange. This ad-free experience offers more features, more stats, and more fun while also helping to support Sporcle. Thank you for becoming a member.

Show Comments

Extras

Top Quizzes Today


Score Distribution

Your Account Isn't Verified!

In order to create a playlist on Sporcle, you need to verify the email address you used during registration. Go to your Sporcle Settings to finish the process.

Report this User

Report this user for behavior that violates our Community Guidelines.

Details: